| 000 | 00735nam a22002057a 4500 | ||
|---|---|---|---|
| 999 |
_c7902 _d7902 |
||
| 003 | AR-CdUCM | ||
| 008 | 190321b ||||| |||| 00| 0 spa d | ||
| 040 |
_aMUNICIPALIDAD PROVINCIAL DEL CUSCO _cBIBLIOTECA MUNICIPAL DEL CUSCO |
||
| 082 |
_a869.564 / _bC562 |
||
| 100 |
_aChocano, José Santos _911262 |
||
| 245 | _aObras escogidas / | ||
| 260 |
_aLima : _bOccidental Petroleum Corporation of Perú, _c1988. |
||
| 300 |
_a605 páginas ; _c20 cm. |
||
| 505 | _aContenido : La epopeya del morro -- Alma América -- Fiat lux -- Primicas de oro de Indias. | ||
| 650 |
_aPoesías peruanas _91481 |
||
| 650 |
_aSiglo XX _98 |
||
| 700 |
_aSánchez, Luis Alberto (selección, prólogo y notas) _922340 |
||
| 942 |
_2ddc _cLIBROS |
||
| 945 | _azta | ||